[Event "Wiesbaden op 30th"]
[Site "Wiesbaden"]
[Date "2018.08.26"]
[Round "6"]
[White "Gundlach, Michael"]
[Black "Li, Maxim"]
[Result "1/2-1/2"]
[WhiteElo "2132"]
[BlackElo "1851"]
[PlyCount "64"]
[EventDate "2018.08.23"]
[EventType "swiss"]
[EventRounds "7"]
[EventCountry "GER"]
[SourceTitle "CBM 186 Extra"]
[Source "ChessBase"]
[SourceDate "2018.08.24"]
[SourceVersion "1"]
[SourceVersionDate "2018.08.24"]
[SourceQuality "1"]

1. c4 e5 2. g3 Nc6 3. Bg2 f5 4. Nc3 Nf6 5. d3 Bb4 6. Bd2 0-0 7. a3 Bxc3 8. Bxc3 d6 9. Nf3 Qe8 10. b4 Qh5 11. b5 Ne7 12. Qd2 Ng6 13. Qg5 Qxg5 14. Nxg5 h6 15. Nf3 e4 16. Nd4 exd3 17. exd3 Re8+ 18. Kd2 Kf7 19. a4 Rb8 20. a5 Bd7 21. a6 b6 22. Bc6 Ne7 23. Bxd7 Nxd7 24. Rhe1 Rbc8 25. Re2 Nf6 26. Rae1 Nfg8 27. Ne6 g6 28. Ng7 Red8 29. Ne6 Rd7 30. f3 c5 31. bxc6 Nxc6 32. Nf4 Ne5 1/2-1/2

[Event "Wiesbaden op 30th"]
[Site "Wiesbaden"]
[Date "2018.08.25"]
[Round "5"]
[White "Triantafillidis, Simeon"]
[Black "Gundlach, Michael"]
[Result "0-1"]
[WhiteElo "1972"]
[BlackElo "2132"]
[PlyCount "44"]
[EventDate "2018.08.23"]
[EventType "swiss"]
[EventRounds "7"]
[EventCountry "GER"]
[SourceTitle "CBM 186 Extra"]
[Source "ChessBase"]
[SourceDate "2018.08.24"]
[SourceVersion "1"]
[SourceVersionDate "2018.08.24"]
[SourceQuality "1"]

1. e4 d6 2. d4 Nf6 3. Nc3 e5 4. Nf3 Nbd7 5. Bc4 Be7 6. Be3 0-0 7. h3 c6 8. 0-0 b5 9. Bd3 Bb7 10. Ne2 a6 11. c3 Re8 12. Ng3 Bf8 13. Nd2 Qc7 14. f4 exd4 15. cxd4 c5 16. Rc1 Rad8 17. d5 Bxd5 18. Bxc5 dxc5 19. exd5 Nxd5 20. Bxh7+ Kxh7 21. Qh5+ Kg8 22. Qxd5 Nf6 0-1

[Event "Oberliga Sued W 0708"]
[Site "Germany"]
[Date "2007.11.25"]
[Round "3.6"]
[White "Gundlach, Michael"]
[Black "Repplinger, Marc"]
[Result "0-1"]
[WhiteElo "2133"]
[BlackElo "2213"]
[PlyCount "95"]
[EventDate "2007.10.21"]
[EventType "team-tourn"]
[EventRounds "9"]
[EventCountry "GER"]
[SourceTitle "EXT 2009"]
[Source "ChessBase"]
[SourceDate "2008.11.26"]
[SourceVersion "1"]
[SourceVersionDate "2008.11.26"]
[SourceQuality "1"]
[WhiteTeam "Mainz"]
[BlackTeam "Koblenz"]
[WhiteTeamCountry "GER"]
[BlackTeamCountry "GER"]

1. c4 c6 2. g3 Nf6 3. Bg2 g6 4. Nc3 Bg7 5. e4 0-0 6. Nge2 e5 7. 0-0 d6 8. d3 Nbd7 9. h3 Ne8 10. Be3 f5 11. exf5 gxf5 12. f4 Nef6 13. Qd2 Qe8 14. fxe5 Nxe5 15. Nf4 Bd7 16. Rae1 Qf7 17. b3 Kh8 18. d4 Ng6 19. d5 cxd5 20. Nfxd5 Nh5 21. Ne2 Rg8 22. Nc7 Bc6 23. Nxa8 Bxg2 24. Kxg2 Be5 25. Kh1 f4 26. Bd4 f3 27. Bxe5+ Nxe5 28. Qxd6 Qf5 29. g4 Qe4 30. Qd5 Qxd5 31. cxd5 fxe2 32. Rg1 Nf4 33. Nc7 Nf3 34. Ne6 Nxh3 35. Rxe2 Nhxg1 36. Rc2 Rg6 37. Nf4 Rd6 38. Rc8+ Kg7 39. Rc7+ Kf6 40. Rxh7 Kg5 41. Ne6+ Kxg4 42. Rg7+ Kf5 43. Rxb7 Rxd5 44. Ng7+ Kg4 45. Kg2 Rd2+ 46. Kf1 Nh3 47. Rb4+ Kg3 48. Nh5+ 0-1

[Event "Oberliga Sued W 0405"]
[Site "Germany"]
[Date "2004.11.28"]
[Round "3.6"]
[White "Gundlach, Michael"]
[Black "Pernutz, Hans Gerhard"]
[Result "1/2-1/2"]
[WhiteElo "2094"]
[BlackElo "2143"]
[PlyCount "27"]
[EventDate "2004.10.03"]
[EventType "team-tourn"]
[EventRounds "9"]
[EventCountry "GER"]
[SourceTitle "EXT 2009"]
[Source "ChessBase"]
[SourceDate "2008.11.26"]
[SourceVersion "1"]
[SourceVersionDate "2008.11.26"]
[SourceQuality "1"]
[WhiteTeam "Mainz"]
[BlackTeam "Saarbruecken"]
[WhiteTeamCountry "GER"]
[BlackTeamCountry "GER"]

1. c4 c5 2. g3 g6 3. Bg2 Bg7 4. Nc3 Nc6 5. a3 e6 6. Rb1 Nge7 7. b4 0-0 8. Nf3 d6 9. 0-0 Rb8 10. e3 b6 11. Qe2 Bb7 12. Rd1 Qc8 13. Ne4 Qc7 14. bxc5 1/2-1/2

[Event "Oberliga Sued W 0405"]
[Site "Germany"]
[Date "2004.11.14"]
[Round "2.6"]
[White "Fritsche, Lutz"]
[Black "Gundlach, Michael"]
[Result "1-0"]
[WhiteElo "2292"]
[BlackElo "2094"]
[PlyCount "65"]
[EventDate "2004.10.03"]
[EventType "team-tourn"]
[EventRounds "9"]
[EventCountry "GER"]
[SourceTitle "EXT 2009"]
[Source "ChessBase"]
[SourceDate "2008.11.26"]
[SourceVersion "1"]
[SourceVersionDate "2008.11.26"]
[SourceQuality "1"]
[WhiteTeam "Koblenz 25"]
[BlackTeam "Mainz"]
[WhiteTeamCountry "GER"]
[BlackTeamCountry "GER"]

1. e4 g6 2. d4 Bg7 3. Nc3 d6 4. Nf3 c6 5. a4 Nf6 6. Be2 0-0 7. 0-0 Qc7 8. h3 Nbd7 9. Be3 b6 10. Nd2 a6 11. f4 Rb8 12. e5 Nd5 13. Nxd5 cxd5 14. c4 Bb7 15. Rc1 Qd8 16. cxd5 Bxd5 17. Bxa6 dxe5 18. fxe5 f6 19. e6 Bxe6 20. Bf4 Ra8 21. Bc7 Qe8 22. Bb5 Ra5 23. Qe2 Bd5 24. Nc4 Rxb5 25. axb5 e6 26. Nxb6 Nxb6 27. Bxb6 Qa8 28. Bc5 Rb8 29. Ra1 Qb7 30. b6 f5 31. Ra7 Qc6 32. Rxg7+ Kxg7 33. Qe5+ 1-0

[Event "Oberliga Sued W 0405"]
[Site "Germany"]
[Date "2004.10.24"]
[Round "1.5"]
[White "Schuh, Thomas"]
[Black "Gundlach, Michael"]
[Result "1-0"]
[WhiteElo "2039"]
[BlackElo "2094"]
[PlyCount "93"]
[EventDate "2004.10.03"]
[EventType "team-tourn"]
[EventRounds "9"]
[EventCountry "GER"]
[SourceTitle "EXT 2009"]
[Source "ChessBase"]
[SourceDate "2008.11.26"]
[SourceVersion "1"]
[SourceVersionDate "2008.11.26"]
[SourceQuality "1"]
[WhiteTeam "Illingen"]
[BlackTeam "Mainz"]
[WhiteTeamCountry "GER"]
[BlackTeamCountry "GER"]

1. e4 g6 2. d4 Bg7 3. Nc3 d6 4. Bg5 a6 5. Nge2 b5 6. Qd2 Bb7 7. f3 Nd7 8. a4 b4 9. Nd1 a5 10. Ng3 Ngf6 11. h4 h6 12. Be3 h5 13. Nf2 0-0 14. Bh6 e5 15. d5 Nc5 16. Bxg7 Kxg7 17. Qg5 Rh8 18. Nd3 Nfd7 19. Nf5+ Kf8 20. Qxd8+ Rxd8 21. Ne3 Nxd3+ 22. Bxd3 Nb6 23. Bb5 Ke7 24. Ke2 Bc8 25. c4 f5 26. Rac1 fxe4 27. fxe4 Rhf8 28. c5 Na8 29. cxd6+ cxd6 30. Nc4 Rf4 31. Nxa5 Bd7 32. Bxd7 Rxd7 33. Nc6+ Ke8 34. Ke3 b3 35. Nb4 Nb6 36. a5 Na4 37. Nd3 Rg4 38. Rc8+ Ke7 39. Kf3 Ra7 40. g3 Rxa5 41. Rc7+ Kd8 42. Rhc1 Nc5 43. Nxc5 dxc5 44. R7xc5 Ra2 45. Rc8+ Kd7 46. R1c7+ Kd6 47. Rf7 1-0

[Event "Oberliga Sued W 0304"]
[Site "Germany"]
[Date "2003.11.23"]
[Round "3.5"]
[White "Gundlach, Michael"]
[Black "Pernutz, Hans Gerhard"]
[Result "1/2-1/2"]
[WhiteElo "2171"]
[BlackElo "2210"]
[PlyCount "54"]
[EventDate "2003.10.12"]
[EventType "team"]
[EventRounds "9"]
[EventCountry "GER"]
[SourceTitle "EXT 2006"]
[Source "ChessBase"]
[SourceDate "2005.11.24"]
[SourceVersion "1"]
[SourceVersionDate "2005.11.24"]
[SourceQuality "1"]
[WhiteTeam "Mainz"]
[BlackTeam "Saarbruecken"]
[WhiteTeamCountry "GER"]
[BlackTeamCountry "GER"]

1. c4 c5 2. g3 g6 3. Bg2 Bg7 4. Nc3 Nc6 5. Nf3 e6 6. 0-0 Nge7 7. Ne4 d6 8. d3 0-0 9. Bf4 e5 10. Bd2 h6 11. Ne1 Rb8 12. Nc2 Nd4 13. Nxd4 exd4 14. Bf4 Nf5 15. h4 b5 16. b3 Rb6 17. Qc1 Kh7 18. b4 cxb4 19. c5 dxc5 20. Qxc5 Qd7 21. Rfc1 Bb7 22. Qxb4 Bxe4 23. Bxe4 Qe6 24. Rc7 a6 25. Qc5 Qf6 26. Rc1 Re6 27. Rc6 Nxh4 1/2-1/2

[Event "Dresden ZMD op"]
[Site "Dresden"]
[Date "2003.08.01"]
[Round "8"]
[White "Markgraf, Alexander"]
[Black "Gundlach, Michael"]
[Result "1-0"]
[WhiteElo "2320"]
[BlackElo "2155"]
[PlyCount "113"]
[EventDate "2003.07.25"]
[EventType "swiss"]
[EventRounds "9"]
[EventCountry "GER"]
[SourceTitle "EXT 2004"]
[Source "ChessBase"]
[SourceDate "2003.11.25"]
[SourceVersion "1"]
[SourceVersionDate "2003.11.25"]
[SourceQuality "1"]

1. e4 g6 2. d4 Bg7 3. Nc3 d6 4. f4 Nc6 5. Nf3 Bg4 6. Be3 Bxf3 7. gxf3 d5 8. Qd2 e6 9. 0-0-0 Nge7 10. Kb1 Qd7 11. Rg1 0-0-0 12. Ne2 Kb8 13. h4 h5 14. Bh3 Rhg8 15. c3 Nc8 16. b3 Qe7 17. f5 exf5 18. e5 Qxh4 19. Bg5 Qxh3 20. Qf4 Rde8 21. Rh1 Qxh1 22. Rxh1 Nd8 23. Qd2 Ne6 24. Bh4 Nb6 25. a4 c6 26. a5 Nd7 27. Rg1 Nc7 28. Nc1 Nf8 29. Nd3 Kc8 30. Nb4 Nfe6 31. a6 Nxa6 32. Nxa6 bxa6 33. c4 Nc7 34. Rc1 Re6 35. Qa5 Kd7 36. cxd5 Nxd5 37. Qxa6 Rc8 38. Qxa7+ Rc7 39. Qa5 Bf8 40. Rc4 Rc8 41. b4 Nxb4 42. Rxb4 Bxb4 43. Qxb4 Kc7 44. Be7 c5 45. Bxc5 Rd8 46. Bd6+ Rdxd6 47. exd6+ Rxd6 48. Kc2 Kd7 49. Qb5+ Ke6 50. Qe5+ Kd7 51. Kd3 Re6 52. Qb5+ Ke7 53. d5 Rd6 54. Kd4 h4 55. Qb7+ Rd7 56. Qb8 g5 57. Qe5+ 1-0

[Event "Oberliga Sued W 0203"]
[Site "Germany"]
[Date "2002.09.29"]
[Round "1.5"]
[White "Rosenberger, Frank"]
[Black "Gundlach, Michael"]
[Result "0-1"]
[WhiteElo "2247"]
[BlackElo "2137"]
[PlyCount "62"]
[EventDate "2002.10.??"]
[EventType "team"]
[EventRounds "9"]
[EventCountry "GER"]
[SourceTitle "EXT 2005"]
[Source "ChessBase"]
[SourceDate "2004.11.15"]
[SourceVersion "1"]
[SourceVersionDate "2004.11.15"]
[SourceQuality "1"]

1. e4 g6 2. d4 Bg7 3. c3 d6 4. Bd3 e5 5. Ne2 Nf6 6. 0-0 0-0 7. f4 Nbd7 8. Nd2 exd4 9. cxd4 c5 10. d5 Re8 11. Nc3 a6 12. a4 Qc7 13. Nc4 Rb8 14. a5 b5 15. axb6 Nxb6 16. e5 dxe5 17. fxe5 Nfxd5 18. Nxd5 Nxd5 19. Qf3 Be6 20. Bf4 Nxf4 21. Qxf4 Red8 22. Qf3 Rb3 23. Nd6 Rxd3 24. Qxd3 Bxe5 25. Rxa6 Rxd6 26. Ra8+ Kg7 27. Qb5 Bxh2+ 28. Kh1 Rd7 29. b4 Bd5 30. Re8 Qg3 31. Re2 Qh4 0-1

[Event "Oberliga Sued W 0102"]
[Site "Germany"]
[Date "2002.04.15"]
[Round "?"]
[White "Gundlach, Michael"]
[Black "Ritz, Thomas"]
[Result "1-0"]
[WhiteElo "2105"]
[BlackElo "2161"]
[PlyCount "83"]
[EventDate "2001.10.09"]
[EventType "team"]
[EventRounds "9"]
[EventCountry "GER"]
[SourceTitle "EXT 2003"]
[Source "ChessBase"]
[SourceDate "2002.11.25"]
[SourceVersion "1"]
[SourceVersionDate "2002.11.25"]
[SourceQuality "1"]

1. g3 d5 2. Bg2 Nf6 3. d3 e5 4. Nf3 Nc6 5. 0-0 h6 6. c3 Be6 7. b4 Bd6 8. Nbd2 Qd7 9. Bb2 e4 10. b5 Ne7 11. Nd4 Bh3 12. c4 Bxg2 13. Kxg2 exd3 14. exd3 0-0 15. Re1 Rfe8 16. N4b3 dxc4 17. dxc4 Nh7 18. c5 Bxc5 19. Nxc5 Qd5+ 20. Nde4 Qc4 21. Qb3 Qxb3 22. Nxb3 Nd5 23. Rad1 Nb4 24. a3 Nc2 25. Re2 Ng5 26. Rxc2 Rxe4 27. Nc5 Re7 28. h4 Ne6 29. Nxe6 fxe6 30. Be5 c6 31. bxc6 bxc6 32. Rxc6 a5 33. Rdc1 Raa7 34. Rc8+ Kh7 35. R8c7 Rexc7 36. Rxc7 Rxc7 37. Bxc7 a4 38. Kf3 Kg6 39. Ke4 Kf6 40. Be5+ Kf7 41. Kd4 g6 42. Kc5 1-0

[Event "Oberliga Sued W 0102"]
[Site "Germany"]
[Date "2001.12.16"]
[Round "?"]
[White "Kessler, Andreas"]
[Black "Gundlach, Michael"]
[Result "0-1"]
[WhiteElo "2172"]
[BlackElo "2105"]
[PlyCount "59"]
[EventDate "2001.10.09"]
[EventType "team"]
[EventRounds "9"]
[EventCountry "GER"]
[SourceTitle "EXT 2003"]
[Source "ChessBase"]
[SourceDate "2002.11.25"]
[SourceVersion "1"]
[SourceVersionDate "2002.11.25"]
[SourceQuality "1"]

1. e4 g6 2. f4 c6 3. g3 d5 4. Nc3 dxe4 5. Nxe4 Bg7 6. Bg2 Bf5 7. Ne2 Nd7 8. d4 Ngf6 9. Nf2 Qb6 10. c3 0-0 11. h3 Be6 12. 0-0 Bd5 13. Qd3 Rac8 14. c4 Bxg2 15. Kxg2 c5 16. d5 e6 17. dxe6 Qxe6 18. Nc3 Rfe8 19. Nb5 Nb6 20. b3 a6 21. Nc3 Qc6+ 22. Qf3 Qxf3+ 23. Kxf3 Nfd5 24. Nxd5 Nxd5 25. Rb1 Nb4 26. Ne4 Rc6 27. Re1 Rce6 28. Bd2 Nc2 29. Nxc5 Nxe1+ 30. Kf2 0-1

[Event "Oberliga Sued W 0102"]
[Site "Germany"]
[Date "2001.??.??"]
[Round "?"]
[White "Repplinger, Marc"]
[Black "Gundlach, Michael"]
[Result "1-0"]
[WhiteElo "2185"]
[BlackElo "2105"]
[PlyCount "47"]
[EventDate "2001.10.09"]
[EventType "team"]
[EventRounds "9"]
[EventCountry "GER"]
[SourceTitle "EXT 2003"]
[Source "ChessBase"]
[SourceDate "2002.11.25"]
[SourceVersion "1"]
[SourceVersionDate "2002.11.25"]
[SourceQuality "1"]

1. f4 g6 2. Nf3 Bg7 3. e4 c5 4. Nc3 d6 5. Bc4 Nc6 6. 0-0 Nf6 7. d3 0-0 8. Qe1 e6 9. Kh1 a6 10. e5 dxe5 11. fxe5 Ng4 12. Bf4 b5 13. Bb3 Bb7 14. Ne4 Qb6 15. Qg3 c4 16. Qxg4 cxb3 17. Qh4 Nd4 18. Qf2 Rad8 19. c3 Bxe4 20. dxe4 Qc6 21. Nxd4 Qxe4 22. Rae1 Qd5 23. axb3 b4 24. Qf3 1-0